| 000 | 01432nam a2200301 a 4500 | ||
|---|---|---|---|
| 001 | 61814 | ||
| 003 | BD-RjUL | ||
| 005 | 20211209081014.0 | ||
| 008 | 170121s2006 bg a s o000 0|eng|| | ||
| 020 |
_a9845086691 _c: Tk. 500.00 Inland |
||
| 035 | _a(BD-RjUL)61938 | ||
| 040 |
_aDLC _cDLC _dDLC _dBD-RjUL _beng |
||
| 041 | 0 | _aengben | |
| 082 |
_223 _a304.6095492021 _bCOM 2006 (ZS) |
||
| 110 |
_aBangladesh Bureau of Statistics. _9179266 |
||
| 245 | 1 | 0 |
_aBangladesh population census-2001 = বাংলাদেশ আদমশুমারি-২০০১ : _bZila series, Zila: Comilla = জেলা সিরিজ, জেলা: কুমিল্লা / _cBangladesh Bureau of Statistics. |
| 246 |
_aবাংলাদেশ আদমশুমারি-২০০১ : _bজেলা সিরিজ, জেলা: কুমিল্লা |
||
| 260 |
_aDhaka : _bBangladesh Bureau of Statistics, _c2006. |
||
| 300 |
_axviii, 423 p. : _bill. ; _c28 cm. |
||
| 490 | _aZila series, Zila: Comilla | ||
| 490 | _aজেলা সিরিজ, জেলা: কুমিল্লা | ||
| 500 | _aPrefatory matter in Bengali and English. | ||
| 651 |
_aBangladesh _zComilla _vcensus, 2001 _9184029 |
||
| 651 |
_aBangladesh _zComilla _xPopulation _vStatistics _9180136 |
||
| 830 |
_aZila series, Zila: Comilla _9184030 |
||
| 830 |
_aজেলা সিরিজ, জেলা:কুমিল্লা _9184100 |
||
| 942 |
_2ddc _cRAR |
||
| 999 |
_c61814 _d61814 |
||